000 00631nam a22001937a 4500
003 DO-CoUTE
005 20260525125201.0
008 260525b dr ||||| |||| 00| 0 spa d
040 _aDO-CoUTE
_bspa
_cDO-CoUTE
082 _aRD863.1R789d
100 1 _aCabeza Rosario, Salvador
_eAutor
245 1 0 _aDiamante en la Cima una Historia de Amor y Éxito /
_cSalvador Rosario Cabeza
260 _aRepublica Dominicana ;
_bCirculo Rojo,
_c2023
300 _a117 Paginas :
_c22cm,
504 _aIncluye referencia bibliográfica e índice.
650 4 _aNovela
700 1 _aSalvador Rosario Cabeza
_eAutor
942 _2ddc
_cBK
999 _c24228
_d24228